00687nam a2200169Ia 4500008004100000020001800041041000800059082001700067100002200084245019500106250000600301260002800307300001300335650004000348999001900388952011000407210716s2018 xx 000 0 und d a9781138494268 aeng a658.406 BARR aBarrett, Richard. aValues driven organization: cultural health and employee well being as a Pathway to sustainable performance.bCultural health and employee well being as a Pathway to sustainable performance. a1 aLondonbRoutledgec2018 axxxv,267 aOrganizational Development & Change c211088d211088 001040708MBAaAIMITbAIMITd2019-03-12l0o658.406 BARRpMBA13656r2026-05-23 00:00:00w2021-07-16yBK